Statistics for Letters of the Greek alphabet - in order

Click here to take the quiz!

General Stats

  • This quiz has been taken 574 times
  • The average score is 19 of 24

Answer Stats

Letter% Correct
Alpha
100%
Beta
100%
Gamma
97%
Delta
96%
Epsilon
90%
Eta
80%
Zeta
80%
Theta
79%
Omega
77%
Iota
76%
Mu
75%
Nu
75%
Kappa
74%
Lambda
74%
Rho
73%
Pi
72%
Omicron
70%
Phi
70%
Sigma
70%
Xi
70%
Chi
69%
Psi
69%
Upsilon
69%
Tau
67%

Score Distribution

Percentile by Number Answered

Percent of People with Each Score

Your Score History

You have not taken this quiz